000 00690cam a2200229 4500
001 B2821
008 090401t1990 xxu||||| |||| 00| 0 eng d
035 _a(Sirsi) u52388
041 0 _aeng
050 0 4 _a333.0062 $2 18
090 _aRICS 1990/20ABC
110 2 _aRoyal Institution of Chartered Surveyors
_bBenevolent Fund
_93408
245 0 0 _aRICS Benevolent Fund annual report and accounts 1989
260 _aLondon
_bRICS Benevolent Fund
_c1990
300 _a(8)p.
_c30cm.
350 _a0
490 0 _aRICS Benevolent Fund Financial Statements
651 4 _aInternational
690 _aABOUT RICS-RELATED ORGANISATIONS-RICS BENEVOLENT FUND
942 _n0
948 _c04/03/1997
999 _c93053
_d93053